Countries that end in "ia" - Statistics

General Stats
  • This quiz has been taken 67 times
  • The average score is 31 of 38
Answer Stats
Hint Answer % Correct
Saudi Arabia
98%
Federated States of Micronesia
96%
Saint Lucia
94%
India
88%
Lithuania
88%
North Macedonia
88%
Australia
87%
Latvia
87%
Armenia
85%
Bulgaria
85%
Colombia
85%
Indonesia
85%
Serbia
85%
Slovakia
85%
Slovenia
85%
Algeria
83%
Romania
83%
Russia
83%
Estonia
81%
Liberia
81%
Nigeria
81%
Albania
79%
Austria
79%
Malaysia
79%
Tanzania
79%
Georgia
77%
Somalia
77%
Tunisia
77%
Zambia
77%
Croatia
75%
Namibia
75%
Cambodia
73%
Gambia
73%
Mongolia
73%
Bolivia
69%
Mauritania
69%
Syria
69%
Ethiopia
67%
No matching quizzes found
Score Distribution
Percent of People with Each Score
Percentile by Number Answered
Your Score History
You have not taken this quiz